00946cam a2200241 a 450000100100000000500170001000800410002704000250006808200180009310000420011124500790015326000780023230000210031058600780033165000260040965000280043565000270046370000320049091000370052204900090055995201210056899900150068900000986420200929161734.0780213s1975 cu 000 p spa  aDO-SdBNPbspacBNPHU aCu861.4bY22a1 aYanes Pérez, Leoncio,d1908-92480210aA la sombra de un ala /cLeoncio Yanes Pérez ; edición, Pilar Fuentes. aLa Habana, Cuba :bArte y Literatura,bInstituto Cubano del Libro,c1975. a122 p. ;c18 cm. aPremio Décima "Concurso 26 de Julio" Dirección Política de las Far. 4aPoesía cubana95226 4aLiteratura cubana91483 4aPoesía amorosa9922712aFuentes, Pilar,eed.924803 aValidado. Control de calidad MFF aBNGR 001052708MOaGRbGRcHDd2009-10-01iLF1l0oCu861.4 Y22ap9864-10r2020-06-25w2020-06-25y2ZPréstamo interno c9623d9623